书目信息 |
| 题名: |
妄谈疯话
|
|
| 作者: | 宣永光 著 | |
| 分册: | ||
| 出版信息: | 北京 大众文艺出版社 2003.02 |
|
| 页数: | 413页 | |
| 开本: | 24cm | |
| 丛书名: | ||
| 单 册: | ||
| 中图分类: | D693.9-53 | |
| 科图分类: | ||
| 主题词: | 政治--中国 | |
| 电子资源: | ||
| ISBN: | 7-80171-267-6 | |
| 000 | 00608nam0 2200217 45 | |
| 001 | 0304301054 | |
| 005 | 20030430102630.3 | |
| 010 | @a7-80171-267-6@d38.80元 | |
| 100 | @a20030430d2003 km y0chiy0120 ea | |
| 101 | 0 | @achi |
| 105 | @a z 000yy | |
| 200 | 1 | @a妄谈疯话@AWang Tan Feng Hua@f宣永光著@FXuan Yong Guang Zhu |
| 205 | @a插图本 | |
| 210 | @a北京@c大众文艺出版社@d2003.02 | |
| 215 | @a413页@d24cm@e光盘1张 | |
| 300 | @a民国时期三大奇书之三 | |
| 606 | 0 | @a政治@x中国 |
| 690 | @aD693.9-53@v3 | |
| 701 | 0 | @a宣永光@4著 |
| 801 | @aCN@bPftUser@c20030430 | |
| 905 | @aBZT@b347355-360@dD693.9-53@e2@f6 | |
| 妄谈疯话/宣永光著.-插图本.-北京:大众文艺出版社,2003.02 |
| 413页;24cm+光盘1张 |
| 民国时期三大奇书之三 |
| ISBN 7-80171-267-6:38.80元 |
| ● |
| 相关链接 |
|
|
|
正题名:妄谈疯话
索取号:D693.9-53/2
 
预约/预借
| 序号 | 登录号 | 条形码 | 馆藏地/架位号 | 状态 | 备注 |
| 1 | 347355 | 201178028 | 样本书库/样001架B面4层1列/ [索取号:D693.9-53/2] | 在馆 | |
| 2 | 347356 | 201178019 | 中心书库南/023架B面5层8列/ [索取号:D693.9-53/2] | 在馆 | |
| 3 | 347357 | 201178000 | 中心书库南/023架B面5层8列/ [索取号:D693.9-53/2] | 在馆 | |
| 4 | 347358 | 201177993 | 中心书库南/023架B面5层8列/ [索取号:D693.9-53/2] | 在馆 | |
| 5 | 347359 | 201177975 | 中心书库南/023架B面5层8列/ [索取号:D693.9-53/2] | 在馆 | |
| 6 | 347360 | 201177984 | 中心书库南/023架B面5层8列/ [索取号:D693.9-53/2] | 在馆 |